00366 2200157 4500245003800000020001800038250001100056100001700067650001600084005001900100260003000119041001400149084000800163300002800171336000900199 aBitter WinnercMita MirantihText a979-780-804-1 aCet. 1 aMita Miranti aNovel Fiksi a20230109133608 aJakartabGagasMediac2015 aIndonesia a813 avii, 248 hlm. :c19 cm. atext